| 000 -LEADER |
| fixed length control field |
01084 a2200241 4500 |
| 020 ## - INTERNATIONAL STANDARD BOOK NUMBER |
| International Standard Book Number |
0470018844 |
| 040 ## - CATALOGING SOURCE |
| Original cataloging agency |
DLC |
| Language of cataloging |
DLC |
| 082 ## - DEWEY DECIMAL CLASSIFICATION NUMBER |
| Classification number |
621.3845 |
| 245 00 - TITLE STATEMENT |
| Title |
HSDPA/HSUPA for UMTS : high speed radio access for mobile communications |
| Remainder of title |
high speed radio access for mobile communications |
| Statement of responsibility, etc. |
Harri Holma and Antti Toskala. |
| 246 30 - VARYING FORM OF TITLE |
| Title proper/short title |
HSDPA/HSUPA for UMTS [electronic resource] |
| 260 ## - PUBLICATION, DISTRIBUTION, ETC. |
| Place of publication, distribution, etc. |
Chichester : |
| Name of publisher, distributor, etc. |
John Wiley & Sons, |
| Date of publication, distribution, etc. |
c2006. |
| 300 ## - PHYSICAL DESCRIPTION |
| Extent |
xxi, 245 p. : |
| Other physical details |
ill. ; |
| Dimensions |
25 cm. |
| 538 ## - SYSTEM DETAILS NOTE |
| System details note |
Mode of access: World Wide Web. |
| 538 ## - SYSTEM DETAILS NOTE |
| System details note |
System requirements : Internet connectivity, World Wide Web browser, Adobe Acrobat reader required to view and print file. |
| 650 #0 - SUBJECT ADDED ENTRY--TOPICAL TERM |
| Topical term or geographic name entry element |
Mobile communication systems. |
| 650 #0 - SUBJECT ADDED ENTRY--TOPICAL TERM |
| Topical term or geographic name entry element |
Very high speed integrated circuits. |
| 650 #0 - SUBJECT ADDED ENTRY--TOPICAL TERM |
| Topical term or geographic name entry element |
Code division multiple access. |
| 700 1# - ADDED ENTRY--PERSONAL NAME |
| Personal name |
Holma, Harri, |
| Dates associated with a name |
1970- |
| 700 1# - ADDED ENTRY--PERSONAL NAME |
| Personal name |
Toskala, Antti. |
| 710 2# - ADDED ENTRY--CORPORATE NAME |
| Corporate name or jurisdiction name as entry element |
Wiley InterScience (Online service) |
| 856 41 - ELECTRONIC LOCATION AND ACCESS |
| Uniform Resource Identifier |
<a href="http://libproxy1.nus.edu.sg/login?url=http://www3.interscience.wiley.com/cgi-bin/homepage/?isbn=9780470032633">http://libproxy1.nus.edu.sg/login?url=http://www3.interscience.wiley.com/cgi-bin/homepage/?isbn=9780470032633</a> |
| 942 ## - ADDED ENTRY ELEMENTS (KOHA) |
| Koha item type |
Book |
| Call number prefix |
621.3845 HOL |
| Source of classification or shelving scheme |
|